000 00454nam a2200169Ia 4500
008 240729s9999 xx 000 0 und d
022 _a2667-3681
245 0 _aObesity Pillars
260 _aUnited States
260 _bElsevier
650 _a Home economics
650 _a Nutrition. Foods and food supply | Medicine
650 _aTechnology
856 _uhttps://doaj.org/toc/1f6e6834b75340f48070147b617e17e4
942 _2ddc
942 _cDOAJEJ
999 _c66966
_d66966
945 _a1
_bMadushi Gamage
_c1
_dMadushi Gamage